000 00977nam a2200241Ia 4500
008 130821s1990 mx gr spa
020 _a9682433533
040 _aCo-BoUCM
_bspa
041 0 0 _aspa
100 _aWeiss, Carol H.
_9150935
245 0 0 _aInvestigación educativa métodos para determinar la eficiencia de los programas de acción Francisco González Aramburo Francisco González Aramburo
_cCarol H. Weiss ; traducción
250 _a2a. ed.
260 _aMéxico D.F. (México)
_bTrillas
_c1990
300 _a183 páginas
650 0 4 _aCiencias sociales
_xInvestigaciones
_933592
650 0 4 _aInvestigación
_917968
650 0 4 _aInvestigaciones evaluativas (Programas de acción social)
_918016
650 0 4 _aSociología
_9386
700 _aGonzález Aramburo, Francisco
_etrad.
_9109637
765 _aEvaluation Research.Methods of assesising program effectivenes
942 _cLIBRO
_a5
_e2
_mW429i
_2DEWEY
_h300.72
999 _c21160
_d21160